书目信息 |
| 题名: |
污染防治审计法律法规汇编
|
|
| 作者: | 本书编写组编 | |
| 分册: | ||
| 出版信息: | 北京 中国时代经济出版社有限公司 2020 |
|
| 页数: | 580页 | |
| 开本: | 24cm | |
| 丛书名: | 国家审计法律法规汇编丛书 | |
| 单 册: | ||
| 中图分类: | D922.683.9 , D922.6 | |
| 科图分类: | ||
| 主题词: | 污染防治--环境保护法--中国--汇编 | |
| 电子资源: | ||
| ISBN: | 978-7-5119-3020-0 | |
| 000 | 00812oam2 2200241 450 | |
| 001 | 2331910708 | |
| 005 | 20230929085206.08 | |
| 010 | @a978-7-5119-3020-0@dCNY86.00 | |
| 100 | @a20201217d2020 em y0chiy50 ea | |
| 101 | 0 | @achi |
| 102 | @aCN@b110000 | |
| 105 | @ay zn 000yy | |
| 200 | 1 | @a污染防治审计法律法规汇编@Awu ran fang zhi shen ji fa lv fa gui hui bian@f本书编写组编 |
| 210 | @a北京@c中国时代经济出版社有限公司@d2020 | |
| 215 | @a580页@d24cm | |
| 225 | 1 | @a国家审计法律法规汇编丛书 |
| 330 | @a本书收录了水污染防治、大气污染防治、土壤污染防治、海洋污染防治、固体废物管理等方面法律法规。 | |
| 461 | 0 | @12001 @a国家审计法律法规汇编丛书 |
| 606 | 0 | @a污染防治@x环境保护法@y中国@j汇编 |
| 690 | @aD922.683.9@v5 | |
| 690 | @aD922.6@v4 | |
| 801 | 0 | @aCN@b山东中教@c20230928 |
| 905 | @aBZT@dD922.6@e18 | |
| 污染防治审计法律法规汇编/本书编写组编.-北京:中国时代经济出版社有限公司,2020 |
| 580页;24cm.-(国家审计法律法规汇编丛书) |
| ISBN 978-7-5119-3020-0:CNY86.00 |
| 本书收录了水污染防治、大气污染防治、土壤污染防治、海洋污染防治、固体废物管理等方面法律法规。 |
| ● |
| 相关链接 |
|
|
|
正题名:污染防治审计法律法规汇编
索取号:D922.6/18
 
预约/预借
| 序号 | 登录号 | 条形码 | 馆藏地/架位号 | 状态 | 备注 |
| 1 | 2000971691 | 2000971691 | 315书库/四5架A面1层2列/ [索取号:D922.6/18] | 在馆 | |
| 2 | 2000971692 | 2000971692 | 315书库/四5架A面1层2列/ [索取号:D922.6/18] | 在馆 | |
| 3 | 2000971693 | 2000971693 | 315书库/四5架A面1层2列/ [索取号:D922.6/18] | 在馆 | |
| 4 | 2000971694 | 2000971694 | 315书库/四5架A面1层2列/ [索取号:D922.6/18] | 在馆 | |
| 5 | 2000971695 | 2000971695 | 315书库/四5架A面1层2列/ [索取号:D922.6/18] | 在馆 | |
| 6 | 2000971696 | 2000971696 | 315书库/四5架A面1层2列/ [索取号:D922.6/18] | 在馆 |